| 000 | 00697nam a2200241 a 4500 | ||
|---|---|---|---|
| 001 | 3094 | ||
| 003 | BD-RjUL | ||
| 005 | 20211208233656.0 | ||
| 008 | 131218s1954 flu 001 0 eng d | ||
| 035 | _a(BD-RjUL) | ||
| 035 | _a(BD-RjUL)3128 | ||
| 040 |
_aANL _beng _cANL _dABN:1 _dBD-RjUL |
||
| 041 | _aeng | ||
| 082 | 0 | 4 |
_a338.1 _bDUL |
| 100 | 1 |
_aDunn, Edgar S. _99807 |
|
| 245 | 1 | 4 |
_aThe location of agricultural production / _cby Edgar S. Dunn. |
| 260 |
_aGainesville : _bUniversity of Florida Press, _cc1954. |
||
| 300 |
_avii, 115 p. : _bill. ; _c24 cm. |
||
| 504 | _aIncludes bibliographical references and index | ||
| 505 | 0 | _aIndex. | |
| 650 | 0 |
_aFarms _xLocation. _99808 |
|
| 942 |
_2ddc _cBK |
||
| 999 |
_c3094 _d3094 |
||